00964cam a2200253 a 450000100060000000300080000600500170001400800410003103500190007204000550009104100180014608200240016410000400018824500930022826000310032130000210035250000360037350400410040960000510045065000440050194200120054599900170055795201360057485365BD-RjUL20250729160627.0090930s2010 inub b 000 0 eng  a(BD-RjUL)85365 aDLCcDLCdUKMdRBNdCDXdC#PdYDXCPdBWXdDLCbeng1 aengafrohfro00a841.1222bMAL 19540 aMarie,dactive 12th century.91633814alays of Marie de France /ctranslated, with introduction and commentary, by Eugene Mason aLondon :bJ.M.Dent.,c1954 a217 p. :c17 cm. aTranslated from the Old French. aIncludes bibliographical references.00aMarie,cde France,dactive 12th century916338 0aLaysvTranslations into English.916339 2ddccBK c85365d85365 00102ddc40718NFICaRUCLbRUCLcReadingd1955-09-19eB.H. blackwoodl0o841.1 MAL 1954r2025-07-29 00:00:00tC-1w2025-07-29yBK